Canadian Political Parties Who Have Won a Seat in Parliament - Statistics

General Stats
  • This quiz has been taken 52 times
  • The average score is 11 of 22
Answer Stats
Years Active Party % Correct
1867-1942 Conservative
100%
2003- Conservative
100%
1867- Liberal
100%
1961- New Democratic
95%
1983- Green
88%
1991- Bloc Quebecois
85%
2018- People's
70%
1920-1930 Progressive
70%
1942-2003 Progressive Conservative
65%
1987-2000 Reform
63%
2000-2003 Canadian Alliance
50%
1935-1993 Social Credit
50%
1932-1961 Co-operative Commonwealth
40%
1867-1870 Anti-Confederation
30%
1942-1947 Bloc Populaire
13%
1919-1939 United Farmers of Alberta
10%
1939-1944 New Democracy
8%
1935-1938 Reconstruction
8%
1914-1934 United Farmers of Ontario
8%
1958-1968 Ralliement Creditiste
5%
1920-1943 Independent Labour
3%
1943-1959 Labor-Progressive
3%
No matching quizzes found
Score Distribution
Percent of People with Each Score
Percentile by Number Answered
Your Score History
You have not taken this quiz